000 00988nam a22002051i 4500
001 181147
003 ES-MaACL
005 20250916063059.0
008 121024s1911 sp |||| | spa d
100 1 _aPosada, Adolfo,
_d1860-1944
_993316
245 1 0 _aRelaciones científicas con América
_b: (Argentina, Chile, Paraguay y Uruguay) /
_cpor Adolfo Posada.
260 _a[Madrid :
_bJunta para Ampliación de Estudios e Investigaciones Científicas,
_c1911] (
_eMadrid :
_fImp. de Fortanet)
300 _aP. 234-313 ;
_c23 cm.
490 1 _aAnales de la Junta para Ampliación de Estudios e Investigaciones Científicas ;
_vt. 3, memoria 5
651 4 _aEspaña-
_xRelaciones-
_zAmérica Latina
_98454
710 2 _aJunta para la Ampliación de Estudios e Investigaciones Científicas.
_95413
830 0 _aAnales de la Junta para Ampliación de Estudios e Investigaciones Científicas ;
_vt. 3, memoria 5
_9186710
852 _aES-MaACL
_jB-13159(5)
999 _c181147
_d181147